| 000 | 00532nam a2200181 i 4500 | ||
|---|---|---|---|
| 001 | 25099 | ||
| 003 | ES-MaACL | ||
| 005 | 20230906153207.0 | ||
| 007 | t| | ||
| 008 | 021220s1889 sp ||||1| spa d | ||
| 100 | 1 |
_aAragón, Jorge. _922177 |
|
| 245 | 1 | 0 |
_aEstudio sobre la guerra / _cpor Jorge Aragón. |
| 260 |
_aBilbao : _b[s.n., _c1889] ( _fViuda de Delmas) |
||
| 300 |
_aXVI, 119 p. ; _c22 cm. |
||
| 505 | 8 | _aContiene: Parte primera: La razón de la guerra | |
| 740 | 3 | _aLa razón de la guerra. | |
| 852 |
_aES-MaACL _jF-12538 |
||
| 999 |
_c25099 _d25099 |
||